| 000 | 00765nam a2200253 4500 | ||
|---|---|---|---|
| 001 | 46284 | ||
| 010 | _a9789727802340 | ||
| 021 | _b292611/09 | ||
| 090 | _a46284 | ||
| 100 | _a20100916d2009 km y0pory5003 ba | ||
| 101 | 0 | _apor | |
| 102 | _aPT | ||
| 200 | 1 |
_aDo interior da revolucão _fVasco Lourenço _gentrevista de Maria Manuela Cruzeiro |
|
| 205 | _a1.ª ed. | ||
| 210 | 9 |
_aCoimbra _cÂncora, _d2009 |
|
| 215 |
_a574, [2] p., [30] p. il. _cil. _d24 cm |
||
| 675 | _a94(469) | ||
| 675 |
_a929Louren—co, Vasco(047.53) _vBN _zpor |
||
| 675 |
_a355.11Louren—co, Vasco(047.53) _vBN _zpor |
||
| 675 |
_a323.2(469)"1974"(047.53) _vBN _zpor |
||
| 700 | 1 |
_aLouren—co, _bVasco, _f1942- |
|
| 702 | 1 |
_aCruzeiro, _bMaria Manuela, _f1947- _4470 |
|
| 801 | 0 |
_aPT _bBN _gRPC |
|
| 990 | _cLIVROS | ||